000 00525nam a22001697a 4500
003 NUST - PNEC
005 20170116180747.0
008 150219b xxu||||| |||| 00| 0 eng d
040 _cLIBRARY
082 _a297.7 YOU
100 _91410
_a Yusuf, Muhammad Ludhyanvi
245 _aAap Ke masail aur un ka hal Vol-2
_cMaulana Muhammad Yousuf Ludhyanvi
260 _aKarachi :
_bMuktaba Beenat Alama Banoori Town, Karachi,
_cc1993
300 _a418 p. :
_c22 cm.
650 _91409
_aFatwa, Masail, Islam
942 _2ddc
_cBK
999 _c62411
_d62411